Ładuje się......
Information literacy instruction: selecting an effective model /
| 1. autor: | |
|---|---|
| Format: | Printed Book |
| Wydane: |
Witney :
Chandos Publishing ,
2011.
|
| Hasła przedmiotowe: |
| LEADER | 00541cam a2200157ua 4500 | ||
|---|---|---|---|
| 020 | |a 978-1-84334-627-2 | ||
| 082 | |a 020 |b WAL/I | ||
| 100 | |a Walsh, John . | ||
| 245 | |a Information literacy instruction: selecting an effective model / | ||
| 260 | |a Witney : |b Chandos Publishing , |c 2011. | ||
| 300 | |a 201p. ; | ||
| 650 | |a Information | ||
| 650 | |a Information literacy | ||
| 942 | |c BK | ||
| 999 | |c 47994 |d 47994 | ||
| 952 | |0 0 |1 0 |4 0 |6 020_000000000000000_WALI |7 0 |8 Stack |9 61767 |a KUCL |b KUCL |c Stack |d 2018-07-21 |l 0 |o 020 WAL/I |p 46976 |r 2018-07-21 |w 2018-07-21 |y BK | ||